000 00562nam a2200193 i 4500
001 78425
003 ES-MaACL
005 20240430105747.0
007 t|
008 041014s1971 sp ||||1| cat d
100 1 _aHauptmann, Gerhart.
_962099
245 1 4 _aEls teixidors /
_cGerhart Hauptmann ; próleg i traducció de Feliú Formosa.
250 _a[1ª ed.].
260 _aBarcelona :
_bEdicions 62,
_c[1971]
300 _a107 p. ;
_c18 cm.
700 1 _aFormosa, Feliu,
_d1934-
_951759
852 _aES-MaACL
_jC-41639
_bR.79852
999 _c78425
_d78425